000 01068cam a2200325 a 4500
001 60367
003 CO-BoRNBP
005 20260130163552.0
007 ta
008 000628s1999 ck r 00010 spa d
020 _a9589647979
040 _ala
_cla
041 0 _aspa
043 _as-ck---
082 0 4 _a574.5
_bP17t
_219 ed.
100 1 _aPastrana Borrero, Misael,
_d1923-1997.
_968447
245 1 0 _aTextos y testimonios en torno al medio ambiente :
_b1969-1995 /
_cMisael Pastrana Borrero.
250 _a1a. edición
300 _axv, 157 p. ;
_c29 cm.
336 _2rdacontent
_atexto
_btxt
337 _2rdamedia
_asin mediación
_bn
338 _2rdacarrier
_avolumen
_bnc
504 _aIncluye bibliografías.
650 7 _aMedio ambiente
_z Colombia
_y 1969-1995.
_2BLAAUTO
_968448
650 7 _aPolítica ambiental
_z Colombia
_y 1969-1995.
_2BLAAUTO
_968449
650 7 _aControl ambiental
_z Colombia
_y 1969-1995.
_2BLAAUTO
_968450
650 7 _aEconomía ambiental
_z Colombia
_y 1969-1995.
_2BLAAUTO
_968451
942 _2ddc
_cBK
949 _ac
_bc
999 _c60367
_d60367